Výzkum efektivnosti komerční komunikace

Gespeichert in:
Bibliographische Detailangaben
1. Verfasser: Vysekalová, Jitka
Körperschaft: Vysoká škola ekonomická v Praze. Fakulta mezinárodních vztahů
Weitere Verfasser: Herzmann, Jan, Cír, Jaroslav
Format: Buch
Sprache:Tschechisch
Veröffentlicht: Praha Nakladatelství VŠE - OECONOMICA 2004
Schlagworte:
Tags: Tag hinzufügen
Keine Tags, Fügen Sie das erste Tag hinzu!

MARC

LEADER 00000nam$a2200000$$$4500
001 0031166
005 20240223112451.7
020 |a 80-245-0789-7 
041 0 |a cze 
044 |a CZ 
245 1 0 |a Výzkum efektivnosti komerční komunikace  |c Jitka Vysekalová, Jan Herzmann, Jaroslav Cír 
264 1 |a Praha  |b Nakladatelství VŠE - OECONOMICA  |c 2004 
300 |a 92 s. 
610 2 0 |a komunikácia 
610 2 0 |a rokovania obchodné 
610 2 0 |a efektívnosť 
610 2 0 |a komunikácia marketingová 
100 1 |a Vysekalová, Jitka 
700 1 |a Herzmann, Jan 
700 1 |a Cír, Jaroslav 
710 2 |a Vysoká škola ekonomická v Praze. Fakulta mezinárodních vztahů